| 000 | 00542nam a2200229Ia 4500 | ||
|---|---|---|---|
| 008 | 220216s9999 xx 000 0 und d | ||
| 100 | _aAlexy P | ||
| 245 | 0 | _aApplication of lignins in rubber compounds | |
| 260 |
_bKautschuk Gummi Kunststoffe _c2008 |
||
| 300 | _a26-32 | ||
| 650 | _aFiller | ||
| 650 | _aLignin | ||
| 650 | _aRubber compounds | ||
| 700 | _aChodak I | ||
| 700 | _aDuracka M | ||
| 700 | _aFeranc J | ||
| 700 | _aHajsova M | ||
| 700 | _aIlisch S | ||
| 700 | _aKramarova Z | ||
| 700 | _aMoskova D | ||
| 942 | _cJS | ||
| 999 |
_c54376 _d54376 |
||